Calibration of automatic prediction of disease case detection with application to glaucoma
Salvato in:
| Autore principale: | |
|---|---|
| Altri autori: | |
| Natura: | Manoscritto Libro |
| Lingua: | slovacco inglese |
| Pubblicazione: |
2023
|
| Soggetti: | |
| Accesso online: | http://is.stuba.sk/zp/portal_zp.pl?podrobnosti=162680 |
| Tags: |
Nessun Tag, puoi essere il primo ad aggiungerne!!
|
MARC
| LEADER | 00000ntm a22000003a 4500 | ||
|---|---|---|---|
| 001 | stuzp92361 | ||
| 003 | SK-STU | ||
| 005 | 20230909212912.0 | ||
| 007 | ta | ||
| 008 | 150427s2015----xo-----f-mn---000-0-slo-d | ||
| 040 | |a STU |b slo | ||
| 041 | 0 | |a eng | |
| 100 | 1 | |a Koszorús, Peter |u 070200 |4 aut |U FIIT Fakulta informatiky a informačných technológií |T FIIT Ústav informatiky, informačných systémov a softvérového inžinierstva |X 110826 |U I200 |Y 179 |7 110826 | |
| 242 | 0 | 1 | |a Kalibrácia automatického predikovania detekcie prípadov ochorenia s aplikáciou na zelený zákal |y slo |
| 245 | 1 | 0 | |a Calibration of automatic prediction of disease case detection with application to glaucoma |
| 260 | |c 2023 | ||
| 650 | 4 | |a Zelený zákal |2 slo | |
| 650 | 4 | |a Logistická regresia |2 slo | |
| 650 | 4 | |a SVM |2 slo | |
| 650 | 4 | |a Kalibrácia |2 slo | |
| 650 | 4 | |a Predikcia ochorenia |2 slo | |
| 650 | 4 | |a SVM |2 eng | |
| 650 | 4 | |a Calibration |2 eng | |
| 650 | 4 | |a Logistic Regression |2 eng | |
| 650 | 4 | |a Disease case detection |2 eng | |
| 650 | 4 | |a Glaucoma |2 eng | |
| 700 | 1 | |a Czanner, Gabriela |u 070200 |k Z8 |4 ths |U FIIT Fakulta informatiky a informačných technológií |T FIIT Ústav informatiky, informačných systémov a softvérového inžinierstva |X 111924 |U I200 |Y 179 |7 111924 | |
| 856 | 4 | |u http://is.stuba.sk/zp/portal_zp.pl?podrobnosti=162680 | |